000 01385nab a2200313 a 4500
005 20210219162421.0
008 991125s1985 mx 000 0 spa u
035 _aUPN01000203996
049 _aART-E
100 1 _aFlecha López, Gonzalo
100 1 _ugonflecha@gmail.com
222 0 _aEDMA 0-6 :
_bEDUCACION MATEMATICA EN LA INFANCIA
245 0 0 _aMatemáticas y literatura de 0 a 3: Un cuento de cigüeñas
260 _aEspaña
300 _a53-60
362 0 _a2014 Vol. 3, no. 2
520 3 _aA partir de los elementos del entorno próximo, tanto físico como cultural, podemos abordar conceptos matemáticos relacionados con la clasificación y con la formación de conjuntos. Utilizando como punto de partida los cuentos “El libro del otoño” y “Un cuento de cigüeñas”, vamos a tratar de realizar clasificaciones utilizando como base la formación de conceptos. Realizaremos, con los niños, agrupamientos sencillos mediante relaciones equivalencia.
653 0 _aMATEMATICAS
653 0 _aLITERATURA INFANTIL
653 0 _aRELACIONES DE EQUIVALENCIA
653 0 _aCLASIFICACION
653 0 _aCONJUNTOS
856 4 _uhttp://www.edma0-6.es/index.php/edma0-6/article/view/54/74
905 _aArticulo
336 _atexto$2rdacontent
337 _acomputadora$2rdamedia
338 _arecurso en linea$2rdacarrier
999 _c176097
_d176097